Estatísticas para Atualizado: Brasileirão - Todos os times rebaixados

Clique aqui para jogar o quiz

Estatísticas Gerais

  • Esse quiz foi jogado 1 196 vezes
    (144 desde o último reset)
  • A pontuação média é 30 de 40

Estatísticas das Respostas

Times% Correto
Palmeiras
98%
Grêmio
96%
Vasco
96%
Botafogo
95%
Cruzeiro
95%
Santos
95%
Corinthians
94%
Bahia
90%
Coritiba
90%
Internacional
90%
Goiás
89%
Vitória
86%
Sport
85%
Ceará
83%
Criciúma
80%
Fortaleza
80%
Fortaleza
80%
América-MG
79%
Juventude
79%
Chapecoense
78%
Avaí
75%
Athletico
74%
Santa Cruz
74%
Atlético-GO
73%
Náutico
71%
Atlético-MG
70%
Ponte Preta
69%
CSA
65%
Guarani
65%
Joinville
63%
Paraná
62%
Figueirense
60%
Portuguesa
60%
América-RN
54%
Paysandu
53%
Santo André
46%
Ipatinga
43%
Brasiliense
41%
Grêmio Barueri
41%
São Caetano
41%

Distribuição das Pontuações

Percentil de Números Respondidos

Porcentagem de Pessoas com Cada Pontuação

Sua Pontuação Histórica

Você não jogou esse quiz desde o último reset